PHYSICAL PHARMACEUTICS (Record no. 26965)
[ view plain ]
| 000 -LEADER | |
|---|---|
| fixed length control field | 00370nam a22001577a 4500 |
| 003 - CONTROL NUMBER IDENTIFIER | |
| control field | SGT |
| 020 ## - INTERNATIONAL STANDARD BOOK NUMBER | |
| International Standard Book Number | 9789395039260 |
| 082 ## - DEWEY DECIMAL CLASSIFICATION NUMBER | |
| Classification number | 615.1 |
| Item number | P23D |
| 100 ## - MAIN ENTRY--PERSONAL NAME | |
| Personal name | DAMAYANTHI,R.DEVI |
| 245 ## - TITLE STATEMENT | |
| Title | PHYSICAL PHARMACEUTICS |
| 260 ## - PUBLICATION, DISTRIBUTION, ETC. (IMPRINT) | |
| Place of publication, distribution, etc | HYDERABAD |
| Name of publisher, distributor, etc | PHARMA MED PRESS |
| Year of Publication | 2022 |
| 300 ## - PAGE DESCRIPTION | |
| No. of Pages | 240 |
| 650 ## - SUBJECT ADDED ENTRY--TOPICAL TERM | |
| Topical term or geographic name as entry element | PHYSICAL PHARMACY |
| 653 ## - KEYWORDS--INDEX TERM | |
| Keyword term | PHYSICAL, PHARMACEUTICS |
| 942 ## - ADDED ENTRY ELEMENTS (KOHA) | |
| Source of classification or shelving scheme | Dewey Decimal Classification |
| Koha item type | Books |
| Withdrawn status | Lost status | Source of classification or shelving scheme | Damaged status | Not for loan | Collection code | Home library | Current library | Shelving location | Date acquired | Vendor Name | Volume Information (Serial or Books or Non-Book Material) | SGTU | Bill Number | Total Checkouts | Full call number | Accession No. (Barcode) | Date last seen | Date last borrowed | Bill Date | Koha item type | Use restrictions |
|---|---|---|---|---|---|---|---|---|---|---|---|---|---|---|---|---|---|---|---|---|---|
| Dewey Decimal Classification | PHARMACY | SGT FA-FP Library | SGT FA-FP Library | Text Book | 26/09/2024 | AHUJA PUB. | 1 | SGTU | 19381 | 2 | 615.1 P23D | FP4991 | 29/09/2025 | 19/09/2025 | 13/08/2024 | Books | |||||
| Dewey Decimal Classification | PHARMACY | SGT FA-FP Library | SGT FA-FP Library | Text Book | 26/09/2024 | AHUJA PUB. | 1 | SGTU | 19381 | 1 | 615.1 P23D | FP4992 | 30/09/2025 | 19/09/2025 | 13/08/2024 | Books | |||||
| Dewey Decimal Classification | PHARMACY | SGT FA-FP Library | SGT FA-FP Library | Text Book | 26/09/2024 | AHUJA PUB. | 2 | SGTU | 19381 | 1 | 615.1 P24D | FP4993 | 04/06/2026 | 22/05/2026 | 13/08/2024 | Books | |||||
| Dewey Decimal Classification | PHARMACY | SGT FA-FP Library | SGT FA-FP Library | Reference Book | 26/09/2024 | AHUJA PUB. | 2 | SGTU | 19381 | 615.1 P24D | FP4994 | 26/09/2024 | 13/08/2024 | Books | Restricted Access |